00422 a2200169 4500001000700000020001500007040002200022041001600044082002100060100002100081245003100102250000900133260003300142362001300175490001900188500004500207137081 a8501005150 cLeonardo Da Vinci aPortuguês a823 L466cbL466c aLE CARRÉ, John aUm crime entre cavalheiros a6 ed bRecordc1998aRio de Janeiro a19980000 aSupertítulos aJosé Laurênio de Melo (Tradução)